<?xml version="1.0" encoding="UTF-8"?>
<record
    xmlns:xsi="http://www.w3.org/2001/XMLSchema-instance"
    xsi:schemaLocation="http://www.loc.gov/MARC21/slim http://www.loc.gov/standards/marcxml/schema/MARC21slim.xsd"
    xmlns="http://www.loc.gov/MARC21/slim">

  <leader>01329nam a22002657a 4500</leader>
  <controlfield tag="005">20180601105849.0</controlfield>
  <controlfield tag="008">090120t        xxu||||| |||| 00| 0 hin  d</controlfield>
  <datafield tag="010" ind1=" " ind2=" ">
    <subfield code="a">HIN-85925  &#x930;&#x93E;&#x937;&#x94D;&#x91F;&#x94D;&#x930;&#x92A;&#x924;&#x93F;-2   B-694123</subfield>
  </datafield>
  <datafield tag="020" ind1=" " ind2=" ">
    <subfield code="a">8188123331</subfield>
    <subfield code="c">120.00</subfield>
  </datafield>
  <datafield tag="035" ind1=" " ind2=" ">
    <subfield code="a">HN-58271</subfield>
  </datafield>
  <datafield tag="035" ind1=" " ind2=" ">
    <subfield code="a">B-694123</subfield>
  </datafield>
  <datafield tag="037" ind1=" " ind2=" ">
    <subfield code="b">DBAD /PUB</subfield>
  </datafield>
  <datafield tag="037" ind1=" " ind2=" ">
    <subfield code="b">&#x915;&#x93F;&#x924;&#x93E;&#x92C;&#x918;&#x930;</subfield>
  </datafield>
  <datafield tag="040" ind1=" " ind2=" ">
    <subfield code="a">DPL</subfield>
    <subfield code="b">HN</subfield>
  </datafield>
  <datafield tag="082" ind1=" " ind2=" ">
    <subfield code="a">576.5</subfield>
  </datafield>
  <datafield tag="100" ind1=" " ind2=" ">
    <subfield code="a">&#x936;&#x941;&#x915;&#x926;&#x947;&#x935; &#x92A;&#x94D;&#x930;&#x938;&#x93E;&#x926;</subfield>
  </datafield>
  <datafield tag="245" ind1=" " ind2=" ">
    <subfield code="a">&#x91C;&#x948;&#x935; &#x92A;&#x94D;&#x930;&#x94C;&#x926;&#x94D;&#x92F;&#x94B;&#x917;&#x93F;&#x915;&#x940; &#x915;&#x947; &#x935;&#x93F;&#x935;&#x93F;&#x927; &#x906;&#x92F;&#x93E;&#x92E; /</subfield>
    <subfield code="c">&#x936;&#x941;&#x915;&#x926;&#x947;&#x935; &#x92A;&#x94D;&#x930;&#x938;&#x93E;&#x926;</subfield>
  </datafield>
  <datafield tag="246" ind1=" " ind2=" ">
    <subfield code="a">Jaiva praudyogikii ke vividha aayaama</subfield>
    <subfield code="b">by Shukdev Prasad</subfield>
  </datafield>
  <datafield tag="260" ind1=" " ind2=" ">
    <subfield code="a">&#x926;&#x93F;&#x932;&#x94D;&#x932;&#x940;</subfield>
    <subfield code="b">&#x939;&#x93F;&#x92E;&#x93E;&#x91A;&#x932; &#x92A;&#x941;&#x938;&#x94D;&#x924;&#x915; &#x92D;&#x902;&#x921;&#x93E;&#x930;</subfield>
    <subfield code="c">2008</subfield>
    <subfield code="c">2012 &#x930;&#x93E;&#x937;&#x94D;&#x91F;&#x94D;&#x930;&#x92A;&#x924;&#x93F;-2</subfield>
  </datafield>
  <datafield tag="270" ind1=" " ind2=" ">
    <subfield code="a">IX/221,&#x938;&#x930;&#x938;&#x94D;&#x935;&#x924;&#x940; &#x92D;&#x902;&#x921;&#x93E;&#x930;, &#x917;&#x93E;&#x902;&#x927;&#x940;&#x928;&#x917;&#x930;</subfield>
    <subfield code="b">&#x926;&#x93F;&#x932;&#x94D;&#x932;&#x940;</subfield>
    <subfield code="e">110 031</subfield>
  </datafield>
  <datafield tag="300" ind1=" " ind2=" ">
    <subfield code="a">116&#x92A;&#x943;.</subfield>
    <subfield code="c">22&#x938;&#x947;&#x92E;&#x940; (&#x938;&#x91C;&#x93F;&#x932;&#x94D;&#x926;)</subfield>
    <subfield code="b">&#x938;&#x91A;&#x93F;&#x924;&#x94D;&#x930; </subfield>
  </datafield>
  <datafield tag="500" ind1=" " ind2=" ">
    <subfield code="a">&#x930;&#x93E;&#x937;&#x94D;&#x91F;&#x94D;&#x930;&#x92A;&#x924;&#x93F;-2</subfield>
  </datafield>
  <datafield tag="942" ind1=" " ind2=" ">
    <subfield code="2">ddc</subfield>
    <subfield code="c">HN</subfield>
    <subfield code="m">&#x92A;&#x94D;&#x930;&#x938;&#x93E;&#x926;</subfield>
    <subfield code="h">576.5</subfield>
  </datafield>
  <datafield tag="999" ind1=" " ind2=" ">
    <subfield code="c">21710</subfield>
    <subfield code="d">21710</subfield>
  </datafield>
  <datafield tag="952" ind1=" " ind2=" ">
    <subfield code="0">0</subfield>
    <subfield code="1">0</subfield>
    <subfield code="2">ddc</subfield>
    <subfield code="4">0</subfield>
    <subfield code="7">1</subfield>
    <subfield code="8">NFIC</subfield>
    <subfield code="a">DBAD</subfield>
    <subfield code="b">DBAD</subfield>
    <subfield code="c">NEW</subfield>
    <subfield code="d">2009-02-02</subfield>
    <subfield code="e">DBAD / PUB</subfield>
    <subfield code="g">120.00</subfield>
    <subfield code="l">0</subfield>
    <subfield code="o">576.5 &#x936;&#x941;&#x915;&#x926;&#x947;</subfield>
    <subfield code="p">HN-58271</subfield>
    <subfield code="r">2009-01-20 00:00:00</subfield>
    <subfield code="t">1</subfield>
    <subfield code="v">120.00</subfield>
    <subfield code="w">2009-01-20</subfield>
    <subfield code="y">HN</subfield>
  </datafield>
  <datafield tag="952" ind1=" " ind2=" ">
    <subfield code="0">0</subfield>
    <subfield code="1">0</subfield>
    <subfield code="2">ddc</subfield>
    <subfield code="4">0</subfield>
    <subfield code="7">0</subfield>
    <subfield code="8">NFIC</subfield>
    <subfield code="a">M</subfield>
    <subfield code="b">M</subfield>
    <subfield code="d">2018-06-01</subfield>
    <subfield code="e">&#x915;&#x93F;&#x924;&#x93E;&#x92C;&#x918;&#x930; BL-25609/30.5.18/459/30.5.18/31.5.18</subfield>
    <subfield code="g">120.00</subfield>
    <subfield code="l">0</subfield>
    <subfield code="o">576.5 &#x92A;&#x94D;&#x930;&#x938;&#x93E;&#x926;</subfield>
    <subfield code="p">B-694123</subfield>
    <subfield code="r">2018-06-01 00:00:00</subfield>
    <subfield code="t">1</subfield>
    <subfield code="v">120.00</subfield>
    <subfield code="w">2018-06-01</subfield>
    <subfield code="y">HN</subfield>
    <subfield code="z">&#x930;&#x93E;&#x937;&#x94D;&#x91F;&#x94D;&#x930;&#x92A;&#x924;&#x93F; &#x92D;&#x935;&#x928;-2</subfield>
  </datafield>
</record>
